Proper testing for oil structures in Illinois and some areas deserving such testing, (Record no. 26405)

MARC details
000 -LEADER
fixed length control field 00896cam a22002411 4500
001 - CONTROL NUMBER
control field gs 25000364
003 - CONTROL NUMBER IDENTIFIER
control field DLC
005 - DATE AND TIME OF LATEST TRANSACTION
control field 20260227111329.0
008 - FIXED-LENGTH DATA ELEMENTS--GENERAL INFORMATION
fixed length control field 760625s1925 xx 000 0 eng c
010 ## - LIBRARY OF CONGRESS CONTROL NUMBER
LC control number gs 25000364
035 ## - SYSTEM CONTROL NUMBER
System control number (OCoLC)2281975
040 ## - CATALOGING SOURCE
Original cataloging agency U.S. Geol. Survey. Library
Transcribing agency TxEU
Modifying agency DLC
042 ## - AUTHENTICATION CODE
Authentication code premarc
050 00 - LIBRARY OF CONGRESS CALL NUMBER
Classification number TN871
Item number .M6
100 1# - MAIN ENTRY--PERSONAL NAME
Personal name Moulton, Gail Francis,
Dates associated with a name 1898-
245 10 - TITLE STATEMENT
Title Proper testing for oil structures in Illinois and some areas deserving such testing,
Statement of responsibility, etc. by Gail F. Moulton.
260 ## - PUBLICATION, DISTRIBUTION, ETC.
Place of publication, distribution, etc. Urbana, Ill.,
Date of publication, distribution, etc. 1925.
300 ## - PHYSICAL DESCRIPTION
Extent 22 p.
Other physical details illus., tables., diagrs.
Dimensions 25 cm.
410 20 - SERIES STATEMENT/ADDED ENTRY--CORPORATE NAME [OBSOLETE, CAN/MARC], [LOCAL, USA]
Corporate name or jurisdiction name as entry element Illinois State Geological Survey
Title of a work Report of investigations,
Volume number/sequential designation no. 6
500 ## - GENERAL NOTE
General note At head of title: State of Illinois. Department of registration and education. Division of the State geological survey.
650 #0 - SUBJECT ADDED ENTRY--TOPICAL TERM
Topical term or geographic name entry element Petroleum
Geographic subdivision Illinois.
650 #0 - SUBJECT ADDED ENTRY--TOPICAL TERM
Topical term or geographic name entry element Petroleum
General subdivision Testing.

No items available.

Powered by Koha